Adversity Quotient Profiling For Women Employees Of Commercial Banks/ (Record no. 210164)

MARC details
000 -LEADER
fixed length control field 00668nam a22001937a 4500
005 - DATE AND TIME OF LATEST TRANSACTION
control field 20250307142647.0
010 ## - LCCN (DPL NO)
LC control number ENG-144005
020 ## - INTERNATIONAL STANDARD BOOK NUMBER
Terms of availability 250.00
International Standard Book Number 9789388805025
035 ## - SYSTEM CONTROL NUMBER
System control number EN-127537
037 ## - SOURCE OF ACQUISITION
Source of stock number/acquisition DBAD
082 ## - DEWEY DECIMAL CLASSIFICATION NUMBER
Classification number 305.42
100 ## - MAIN ENTRY--PERSONAL NAME
Personal name G, Shivaranjani
245 ## - TITLE STATEMENT
Title Adversity Quotient Profiling For Women Employees Of Commercial Banks/
Statement of responsibility, etc By Shivaranjani G
250 ## - EDITION STATEMENT
Edition statement 1
260 ## - PUBLICATION, DISTRIBUTION, ETC. (IMPRINT)
Name of publisher, distributor, etc Archers & Elevators Publishing House
Place of publication, distribution, etc Bangalore
Date of publication, distribution, etc 2018
270 ## - ADDRESS
Address 131 AGB Lay Out, 6"Cross, Hesaraghatta,Main Road
City Bangalore
Postal code 560090
Telephone number 9164362263
Electronic mail address archerselevators@gamail.com
300 ## - PHYSICAL DESCRIPTION
Extent 151p.
Dimensions 22cm(pb)
942 ## - ADDED ENTRY ELEMENTS (KOHA)
Source of classification or shelving scheme Dewey Decimal Classification
Item type English Books
Classification part 305.42
Call number suffix SHI
Holdings
Withdrawn status Lost status Not for loan Collection code Home library Current library Date acquired Source of acquisition Cost, normal purchase price Full call number Barcode Copy number Cost, replacement price Koha item type
    Not For Loan Non-fiction D.B.Act.Division D.B.Act.Division 07/03/2025 Delivery of Books Act Division 250.00 305.42 SHI EN-127537 1 250.00 English Books

© Delhi Public Library
Hit Counter
free hit counter